Gua̕ ter̤ico-Prc̀tica de aplicacin̤ del enfoque de Gňero y prevencin̤ de la violencia en el m̀bito jurd̕ico

Detalles Bibliográficos
Autor principal: Gonzl̀ez Ferrer, Yamila
Otros Autores: Přez Gutiřrez, Ivonne
Formato: eBook
Lenguaje:español
Publicado: La Habana: Unin̤ Nacional de Juristas de Cuba, 2021
Materias:
Acceso en línea:Acceso restringido

MARC

LEADER 00000nam a22000007a 4500
005 2022032308448.0
007 cr|||| ||||
008 220323s2021 cu |||||s|||| 00||0 spa d
020 |a 978-959-721-974-3 
035 |a 35958 
040 |a vLex 
090 |c 13078  |d 13078 
100 1 |a Gonzl̀ez Ferrer, Yamila 
245 1 0 |a Gua̕ ter̤ico-Prc̀tica de aplicacin̤ del enfoque de Gňero y prevencin̤ de la violencia en el m̀bito jurd̕ico  |h [Recurso electrn̤ico] /  |c Yamila Gonzl̀ez Ferrer, Ivonne Přez Gutiřrez 
256 |a Servicio en ln̕ea 
260 |a La Habana:  |b Unin̤ Nacional de Juristas de Cuba,  |c 2021 
300 |a 1 recurso electrn̤ico 
506 1 |a Disponible solo en los productos indicados  |d vLex Global  |d vLex Global (Academic Edition, excluding Law Schools)  |d vLex Global (U.S. Academic Edition, Law Schools)  |d vLex Global (U.S. Academic Edition, excluding Law Schools)  |d vLex Global (Academic Edition, Law Schools) 
650 0 4 |a Derecho Comunitario  |z Cuba 
650 0 4 |a Derecho Militar  |z Cuba 
700 1 |a Přez Gutiřrez, Ivonne 
740 0 |a vLex Libros (Servicio en ln̕ea) 
856 4 0 |u https://app.vlex.com/#/sources/35958  |z Acceso restringido 
942 |c BOOK 
999 0 |a Community Law 
999 0 |a Military Law